01284nam a22002537a 450000500170000001000150001702000260003203500130005803700130007108200150008410000190009924500980011824600600021626000310027627000690030730000320037650000200040852003130042865000550074165000580079694200290085499900170088395201300090020140624114716.0 aENG-110259 a9788120349667c595.00 aEN-93791 bDBAD/PUB a004.682076 aDoyle, Michael aExam ref 70-332 :badvanced solutions of Microsoft Sharepoint server 2013 /cby Michael Doyle a Advanced solutions of Microsoft SharePoint Server 2013 aDelhibPHI Learning c2014 aRimjhim House, 111, Patparganj Industrial Estateb Delhie110092 axix,372p .:c23cm(pbk)bill aIncludes index a "Prepare for Exam 70-332 -- and help demonstrate your real-world mastery of Microsoft SharePoint Server 2013. Designed for experienced IT Professionals ready to advance their status, Exam Ref focuses on the critical-thinking and decision-making acumen needed for success at the MCSE level"--P. [4] of cover. a Microsoft softwarexExaminations v Study guides. a Electronic data processing personnelxCertification. 2ddccENmDOYh004.682076 c85223d85223 001040718NFICaDBADbDBADd2014-06-23eENG-110259g595.00l0o004.682076 DOYpEN-93791r2014-06-23 00:00:00t1v595.00yEN